00396nam a22001337a 4500003000400000005001700004008004100021050002300062082002700085100001900112245004900131260006200180300002000242OSt20140310181750.0130627t xxu||||| |||| 00| 0 eng d aRG 734b.F316 1989 aFIL 363.46 bF335 1989 aFelix, Gloria  aMother, why did you kill us? /cGloria Felix aPasay City, Philippines :bDaughters of St. Paul, c1989. a52 p. :c18 cm.